000 00373nam a22001577a 4500
003 MPLRDC
005 20220104142701.0
008 210129b ||||| |||| 00| 0 eng d
082 _a292.91 SLY c.2
100 _a宋凌云
245 _a测字玄谭
_c
260 _a
_b希代书版公司
_c1982
300 _b
650 _a占卜--测字
942 _cBK
_o292.91 SLY c.2
999 _c32875
_d32865